00492cam a22001692 4500001001100000005001700011008004100028020002000069040001500089050002400104100003300128245002700161250001200188260003800200300002300238650006100261000000302920151217151912.0070426s xx 000 0 eng d a0136053955 :c$ aKABUcKABU 0aHG4027.5b.B83 19921 aBuckley, Adrian.@000015259710aMultinational Finance. a2nd ed. aNew York :bPrentice Hall,c1992. axii, 708 p ;c cm. 0aInternational business enterprisesxFinance.@0000152529